000 003340000a22001570004500
001 002707
003 MACL
040 _aMACL
090 _c14700
_d14699
100 _aBose, Brinda
245 _aGender & Censorship
_cBrinda Bose
260 _aKali For Women,
_c2006
350 _a495
650 _aSocial Science
942 _k305
_cBook
999 _c14616
_d14616